书目信息 |
| 题名: |
医疗机构内新型冠状病毒感染预防与控制相关流程
|
|
| 作者: | ;河南省卫生健康委员会 编写 | |
| 分册: | ||
| 出版信息: | 郑州 河南科学技术出版社 2020 |
|
| 页数: | 160页 | |
| 开本: | 26cm | |
| 丛书名: | ||
| 单 册: | ||
| 中图分类: | R563.101 , R563.1 | |
| 科图分类: | ||
| 主题词: | 日冕形病毒--病毒病--肺炎--预防(卫生)--业务流程 | |
| 电子资源: | ||
| ISBN: | 978-7-5349-9885-0 | |
| 000 | 01068nam0 2200229 450 | |
| 001 | 2369724467 | |
| 005 | 20240106083447.38 | |
| 010 | @a978-7-5349-9885-0@dCNY100.00,原168.00 | |
| 100 | @a20200514d2020 em y0chiy50 ea | |
| 101 | 0 | @achi |
| 102 | @aCN@b410000 | |
| 105 | @ay z 000yy | |
| 200 | 1 | @a医疗机构内新型冠状病毒感染预防与控制相关流程@Ayi liao ji gou nei xin xing guan zhuang bing du gan ran yu fang yu kong zhi xiang guan liu cheng@f河南省卫生健康委员会编写 |
| 210 | @a郑州@c河南科学技术出版社@d2020 | |
| 215 | @a160页@d26cm | |
| 330 | @a本书以医疗机构内疫情防控环节中重点科室、重点部门、重点岗位、重点人群感染防控为主线,既有全院公共区域适用的防控流程,又有特定科室和部门的特殊要求,目的是通过简明、扼要、易懂、便于操作的流程图形式,解读医疗机构各项诊疗活动中防止新型冠状病毒传播的要点。 | |
| 606 | 0 | @a日冕形病毒@x病毒病@x肺炎@x预防(卫生)@x业务流程 |
| 690 | @aR563.101@v5 | |
| 690 | @aR563.1@v4 | |
| 711 | 02 | @a河南省卫生健康委员会@Ahe nan sheng wei sheng jian kang wei yuan hui@4编写 |
| 801 | 0 | @aCN@b91MARC@c20200529 |
| 905 | @aZUCC@dR563.1@e24 | |
| 医疗机构内新型冠状病毒感染预防与控制相关流程/河南省卫生健康委员会编写.-郑州:河南科学技术出版社,2020 |
| 160页;26cm |
| ISBN 978-7-5349-9885-0:CNY100.00,原168.00 |
| 本书以医疗机构内疫情防控环节中重点科室、重点部门、重点岗位、重点人群感染防控为主线,既有全院公共区域适用的防控流程,又有特定科室和部门的特殊要求,目的是通过简明、扼要、易懂、便于操作的流程图形式,解读医疗机构各项诊疗活动中防止新型冠状病毒传播的要点。 |
| ● |
| 相关链接 |
|
|
|
正题名:医疗机构内新型冠状病毒感染预防与控制相关流程
索取号:R563.1/24
 
预约/预借
| 序号 | 登录号 | 条形码 | 馆藏地/架位号 | 状态 | 备注 |
| 1 | 2001262243 | 2001262243 | 辽宁北方(第一批)/辽宁北方(第一批)/214/ [索取号:R563.1/24] | 在馆 | |
| 2 | 2001262244 | 2001262244 | 辽宁北方(第一批)/辽宁北方(第一批)/214/ [索取号:R563.1/24] | 在馆 | |
| 3 | 2001262245 | 2001262245 | 辽宁北方(第一批)/辽宁北方(第一批)/214/ [索取号:R563.1/24] | 在馆 | |
| 4 | 2001262246 | 2001262246 | 辽宁北方(第一批)/辽宁北方(第一批)/214/ [索取号:R563.1/24] | 在馆 | |
| 5 | 2001262247 | 2001262247 | 辽宁北方(第一批)/辽宁北方(第一批)/214/ [索取号:R563.1/24] | 在馆 | |
| 6 | 2001262248 | 2001262248 | 辽宁北方(第一批)/辽宁北方(第一批)/214/ [索取号:R563.1/24] | 在馆 |